| 000 | 01197nam0a22002531 4500 | ||
|---|---|---|---|
| 001 | rc\2773531 | ||
| 005 | 20250806204515.0 | ||
| 035 | _a(NLR Aleph) 006899856 | ||
| 090 |
_a28675 _c28675 |
||
| 100 | _a20110915d1941 u y0rusy50 ca | ||
| 101 | 0 | _arus | |
| 102 | _aRU | ||
| 105 | _aa z ||||| | ||
| 200 | 1 |
_aНормативы расхода материалов по бондарному производству _e(Временные) _fРазработаны нормативно-исслед. станцией Ростоблместпрома _gНКМП - РСФСР. Ростовск. обл. отд. местной промышленности |
|
| 210 |
_aРостов-на-Дону _cТипо-лит. им. Стачки 1902 г. _d1941 |
||
| 215 |
_a28 с. _cтабл., черт. _d21 см. |
||
| 710 | 0 | 2 | _aРостовская на Дону нормативно-исследовательская станция местной промышленности по труду |
| 801 | 0 |
_aRU _bNLR _gpsbo |
|
| 801 | 1 |
_aRU _bELAR _2rusmarc |
|
| 852 |
_aNLR _jТ50 Г-4/22 |
||
| 942 | _cBOOK | ||
| 945 | _aРоссийская национальная библиотека | ||
| 980 | _aNB | ||
| 980 | _aBV | ||